Be reasonable (Record no. 80291)

MARC details
000 -LEADER
fixed length control field 01396cab a22002535a 4500
001 - CONTROL NUMBER
control field L143859
008 - FIXED-LENGTH DATA ELEMENTS--GENERAL INFORMATION
fixed length control field 080604e20080523xxk f 000 0 eng d
035 ## - SYSTEM CONTROL NUMBER
System control number (Sirsi) u143859
041 0# - LANGUAGE CODE
Language code of text/sound track or separate title eng
100 1# - MAIN ENTRY--PERSONAL NAME
Personal name Colenso, Adam
245 00 - TITLE STATEMENT
Title Be reasonable
260 ## - PUBLICATION, DISTRIBUTION, ETC.
Date of publication, distribution, etc. 2008
490 ## - SERIES STATEMENT
Series statement New Law Journal
Volume/sequential designation 158(7322) 23 May 2008, 729-131(3)
520 ## - SUMMARY, ETC.
Summary, etc. Details the importance of the role played by the Lands Valuation Tribunal (LVT) in obtaining special dispensations under the Landlord and Tenant Act 1985. Argues that the LVT should no longer grant dispensations against the requirement to consult tenants regarding long-term agreements with contractors. Details the case of Auger v LB Camden (L143135) and cites this as an example of an incorrectly granted right to dispense with the need to consult leaseholders. Outlines the grounds on which the LVT should decide reasonableness in these circumstances. The extent to which the leaseholders' protection is undermined should also be given close attention.
590 ## - LOCAL NOTE (RLIN)
Local note KA
650 24 - SUBJECT ADDED ENTRY--TOPICAL TERM
Topical term or geographic name entry element LANDLORD AND TENANT ACT 1985 S20
650 24 - SUBJECT ADDED ENTRY--TOPICAL TERM
Topical term or geographic name entry element COMMONHOLD AND LEASEHOLD REFORM ACT 2002 S20
650 24 - SUBJECT ADDED ENTRY--TOPICAL TERM
Topical term or geographic name entry element AUGER V LB CAMDEN
650 24 - SUBJECT ADDED ENTRY--TOPICAL TERM
Topical term or geographic name entry element SERVICE CHARGES (CONSULTATION REQUIREMENTS) (ENGLAND) REGULATIONS 2003
651 #4 - SUBJECT ADDED ENTRY--GEOGRAPHIC NAME
Geographic name England
Chronological subdivision 886-
690 ## - LOCAL SUBJECT ADDED ENTRY--TOPICAL TERM (OCLC, RLIN)
Topical term or geographic name as entry element PROPERTY-LEASEHOLD PROPERTY-LANDLORD AND TENANT
700 1# - ADDED ENTRY--PERSONAL NAME
Personal name Kilcoyne, Desmond
942 ## - ADDED ENTRY ELEMENTS (KOHA)
Suppress in OPAC 0
Holdings
Withdrawn status Lost status Source of classification or shelving scheme Damaged status Not for loan Home library Current library Shelving location Date acquired Total Checkouts Full call number Barcode Date last seen Copy number Price effective from Koha item type
    Dewey Decimal Classification     London London Journal article 04/06/2008   L143859 143859-1001 06/08/2019 1 06/08/2019 Journal article